Flagi najmniejszych państw świata. - Statystyki

Ogólne statystyki
  • Ten quiz został rozwiązany 101 razy
  • Średni wynik to 12 z 20
Statystyki odpowiedzi
Obrazkowy Odpowiedź % Poprawnych
Watykan
99%
Seszele
84%
Malta
80%
Monako
79%
Singapur
70%
Andora
69%
San Marino
69%
Bahrajn
56%
Barbados
56%
Palau
56%
Malediwy
52%
Wyspy Marshalla
51%
Grenada
49%
Lichtenstein
47%
Saint Lucia
44%
Antigua i Barbuda
42%
Nauru
40%
Tuwalu
40%
Saint Vincent i Grenadyny
38%
Saint Kitts i Nevis
37%
Nie znaleziono quizów pasujących do podanych kryteriów
Rozkład punktacji
Procent ludzi z każdym wynikiem
Percentyl według liczby udzielonych odpowiedzi
Twoja historia wyników
Nie rozwiązałeś tego quizu